Statistiques concernant Noms de chapitres Harry Potter et la chambre des secrets

Cliquez ici pour prendre le quiz!

Statistiques générales

  • Ce quiz a été pris 20 fois
  • Le résultat moyen est 12 sur 18

Statistiques - réponses

HintRéponse% Correct
Chapitre 16La chambre des secrets
89%
Chapitre 3Le Terrier
89%
Chapitre 9L'avertissement
83%
Chapitre 6Gilderoy Lockhart
78%
Chapitre 1Un très mauvais anniversaire
78%
Chapitre 17L'héritier de Serpentard
72%
Chapitre 12Le polynectar
67%
Chapitre 5Le saule cogneur
67%
Chapitre 15Aragog
61%
Chapitre 4Chez Fleury et Bott
61%
Chapitre 2L'avertissement de Dobby
61%
Chapitre 11Le club de duel
61%
Chapitre 7Sang-de-bourbe et drôle de voix
61%
Chapitre 8L'anniversaire de mort
56%
Chapitre 10Le cognard fou
56%
Chapitre 14Cornelius Fudge
50%
Chapitre 18La récompense de Dobby
50%
Chapitre 13Un journal très intime
44%

Distribution des résultats

Percentile par nombre de réponses

% des personnes avec chaque résultat

Votre développement - résultats

Vous n’avez pas pris ce quiz